01841cam a22003855a 4500999001700000001001200017003000900029005001700038008004100055020002200096020002500118040007100143082002000214100003000234245003400264264003800298300002300336336002600359337002800385338002700413500002700440505013300467520027700600650005500877650005100932650005100983650005001034650004601084650004601130651005101176653003601227655002401263942001201287952015601299 c20186d20158ocm76273134EG-ScBUE20210131122424.0061117s2006 nyu f 000 1 eng d a0143038095 (pbk.) a9780143038092 (pbk.) aJJGbengerdacJJGdYDXCPdBTCTAdBAKERdIHEdEUFdOCLCQdEG-ScBUE04a813.54bTAN2221 aTan, Amy,eauthor.93910814aThe joy luck club /cAmy Tan. 1aNew York :bPenguin Books,c2006. a288 pages ;c21 cm 2rdacontentatextbtxt 2rdamediaaunmediatedbn 2rdacarrieravolumebnc a"New York bestseller".0 aFeathers from a thousand Li away -- The twenty-six malignant gates -- American translation -- Queen mother of the western skies. aIn 1949, four Chinese women--drawn together by the shadow of their past--begin meeting in San Francisco to play mah jong, invest in stocks and "say" stories. They call their gathering the Joy Luck Club--and forge a relationship that binds them for more than three decades. 7aWomenxSocieties and clubsvFiction.2BUEsh939109 7aReminiscing in old agevFiction.2BUEsh939111 7aChinese American womenvFiction.2BUEsh939112 7aMothers and daughtersvFiction.2BUEsh939113 7aLoss (Psychology)vFiction.2BUEsh939114 7aFemale friendshipvFiction.2BUEsh939115 7aSan Francisco (Calif.)vFiction.2BUEsh939116 cJuly2015cJanuary2016bHHUUEENN vReading book934232 2ddccBB 00102ddc40708BaccahaMAINbMAINc2NDd2015-07-05ePurchaseg104.00h22696l3m1o813.54 TANp000038903r2025-07-15 00:00:00s2023-02-19v130.00yBB